000 00465nam a2200169Ia 4500
008 240729s9999 xx 000 0 und d
022 _a2572-2611
245 0 _aPlants, People, Planet
260 _aUnited Kingdom
260 _bWiley
650 _a Botany
650 _a Environmental sciences | Science
650 _aGeography. Anthropology. Recreation
856 _uhttps://doaj.org/toc/40d99a396250478fb0c91f7a19dbca3f
942 _2ddc
942 _cDOAJEJ
999 _c72547
_d72547
945 _a1
_bMadushi Gamage
_c1
_dMadushi Gamage